Oralidad y escritura: tecnologías de la palabra

Sábháilte in:
Sonraí bibleagrafaíochta
Príomhchruthaitheoir: Ong, Walter J. (autor)
Formáid: LEABHAR
Teanga:Spáinnis
Foilsithe / Cruthaithe: Ciudad de México Fondo de Cultura Económica 1987
Sraith:Sección de Obras de Lengua y Estudios Literarios
Ábhair:
Clibeanna: Cuir clib leis
Níl clibeanna ann, Bí ar an gcéad duine le clib a chur leis an taifead seo!

MARC

LEADER 00000nam a2200000 a 4500
001 UCV7554
003 CL-VaPUC
005 20221026120534.0
008 880922e19870000MX |||||||||||||||||spa|d
999 |c 213208  |d 213206 
040 |c Pontificia Universidad Católica de Valparaíso 
082 0 4 |a 410  |b ONG  |2 21 
100 1 |a Ong, Walter J.  |e autor  |9 877980 
245 1 0 |a Oralidad y escritura: tecnologías de la palabra 
260 |a Ciudad de México  |b Fondo de Cultura Económica  |c 1987 
300 |a 190 p 
490 0 |a Sección de Obras de Lengua y Estudios Literarios 
583 |a last modification  |c 19880922 00:00:00  |k Rodrigo Vera 
650 0 |a Lingüística  |9 265068 
650 0 |a Historia  |9 255047 
650 0 |a Lenguaje   |9 265069 
942 |c BK  |2 ddc 
945 |d 19880922 00:00:00 
952 |0 0  |1 0  |4 0  |6 410_000000000000000_ONG_1987  |7 0  |8 A  |9 195337  |a BIBEDU  |b BIBEDU  |d 2019-11-14  |i 3240509  |l 2  |m 1  |o 410 ONG 1987  |p 3240509  |r 2023-10-31  |s 2023-10-23  |w 2019-11-14  |y BK  |k LIT 
952 |0 0  |1 0  |4 0  |6 410_000000000000000_ONG_1987  |7 0  |8 A  |9 195338  |a BIBCUR  |b BIBCUR  |d 2019-11-14  |i 359131K  |o 410 ONG 1987  |p 359131K  |r 2025-04-22  |w 2019-11-14  |y BK  |k PER 
952 |0 0  |1 0  |4 0  |6 410_000000000000000_ONG_1987  |7 0  |8 A  |9 195339  |a FDOPOS  |b FDOPOS  |d 2019-11-14  |i 3684504  |o 410 ONG 1987  |p 3684504  |r 2025-01-22  |w 2019-11-14  |y BK  |k MLA 
952 |0 0  |1 0  |4 0  |6 410_000000000000000_ONG_1987  |7 0  |8 A  |9 195340  |a FDOPOS  |b FDOPOS  |d 2019-11-14  |i 3772438  |o 410 ONG 1987  |p 3772438  |r 2025-01-22  |w 2019-11-14  |y BK  |k MLA